<?xml version="1.0" encoding="UTF-8"?>
<record
    xmlns:xsi="http://www.w3.org/2001/XMLSchema-instance"
    xsi:schemaLocation="http://www.loc.gov/MARC21/slim http://www.loc.gov/standards/marcxml/schema/MARC21slim.xsd"
    xmlns="http://www.loc.gov/MARC21/slim">

  <leader>00522nam a2200169Ia 4500</leader>
  <datafield tag="999" ind1=" " ind2=" ">
    <subfield code="c">4242</subfield>
    <subfield code="d">4242</subfield>
  </datafield>
  <controlfield tag="005">20210104142506.0</controlfield>
  <controlfield tag="008">201216s9999||||xx |||||||||||||| ||und||</controlfield>
  <datafield tag="040" ind1=" " ind2=" ">
    <subfield code="a">DAH</subfield>
    <subfield code="c">DAH</subfield>
  </datafield>
  <datafield tag="041" ind1=" " ind2=" ">
    <subfield code="a">spa</subfield>
  </datafield>
  <datafield tag="084" ind1=" " ind2=" ">
    <subfield code="a">DAH 0229</subfield>
  </datafield>
  <datafield tag="100" ind1="1" ind2=" ">
    <subfield code="a">Macera Dall'Orso, Pablo</subfield>
    <subfield code="9">4586</subfield>
  </datafield>
  <datafield tag="245" ind1="0" ind2="4">
    <subfield code="a">Las plantaciones azucareras en el Per&#xFA;, 1821-1875 /</subfield>
    <subfield code="c">Pablo Macera Dall'Orso</subfield>
  </datafield>
  <datafield tag="260" ind1=" " ind2=" ">
    <subfield code="a">Lima:</subfield>
    <subfield code="b">[s.n.],</subfield>
    <subfield code="c">1974</subfield>
  </datafield>
  <datafield tag="650" ind1="0" ind2="4">
    <subfield code="a">Haciendas azucareras N3</subfield>
    <subfield code="x">Condiciones econ&#xF3;micas</subfield>
    <subfield code="y">1825</subfield>
    <subfield code="z">Lambayeque, Per&#xFA;</subfield>
    <subfield code="9">5738</subfield>
  </datafield>
  <datafield tag="910" ind1=" " ind2=" ">
    <subfield code="a">gsm</subfield>
  </datafield>
  <datafield tag="942" ind1=" " ind2=" ">
    <subfield code="c">LIB</subfield>
    <subfield code="2">ddc</subfield>
  </datafield>
  <datafield tag="952" ind1=" " ind2=" ">
    <subfield code="0">0</subfield>
    <subfield code="1">0</subfield>
    <subfield code="2">ddc</subfield>
    <subfield code="4">0</subfield>
    <subfield code="7">0</subfield>
    <subfield code="a">DAH</subfield>
    <subfield code="b">DAH</subfield>
    <subfield code="c">GEN</subfield>
    <subfield code="d">2020-12-16</subfield>
    <subfield code="o">DAH 0229</subfield>
    <subfield code="p">DAH21010034</subfield>
    <subfield code="r">2020-12-16</subfield>
    <subfield code="w">2020-12-16</subfield>
    <subfield code="y">LIB</subfield>
  </datafield>
</record>
